[Event "Foment Martinenc op-C 23rd"]
[Site "Barcelona"]
[Date "2023.05.13"]
[Round "4"]
[White "Vidal Pla, Pau"]
[Black "Bru Tena, Samuel"]
[Result "0-1"]
[WhiteElo "1477"]
[BlackElo "1349"]
[PlyCount "94"]
[EventDate "2023.04.22"]
[EventType "swiss"]
[EventRounds "9"]
[EventCountry "ESP"]
[SourceTitle "EXT 2024"]
[Source "ChessBase"]
[SourceDate "2023.10.10"]
[SourceVersion "1"]
[SourceVersionDate "2023.10.10"]
[SourceQuality "1"]

1. e4 c5 2. d4 b6 3. g3 d5 4. Bg2 Bb7 5. dxc5 dxe4 6. Qxd8+ Kxd8 7. cxb6 axb6 8. Be3 Nd7 9. Nc3 Ngf6 10. 0-0-0 Ke8 11. f3 exf3 12. Bxf3 Bxf3 13. Nxf3 e6 14. Rd2 Bb4 15. Kb1 Ke7 16. Bg5 h6 17. Bxf6+ Nxf6 18. Re1 Ra7 19. Nd5+ Nxd5 20. c3 Nxc3+ 21. bxc3 Bxc3 22. Ne5 Bxd2 23. Rd1 Rc7 24. Rxd2 Rd8 25. Rf2 f6 26. Ng6+ Kf7 27. Ne5+ Kg8 28. Ng6 Rd1+ 29. Kb2 Rd5 30. a3 Rb5+ 31. Ka2 Ra7 32. Rf3 Rd7 33. Rf2 Rbd5 34. Nf4 Rd2+ 35. Rxd2 Rxd2+ 36. Kb3 Rxh2 37. Nxe6 Rh3 38. Kb4 Rxg3 39. a4 Rh3 40. Kb5 Rh4 41. Nc5 Rh1 42. Kxb6 Rb1+ 43. Kc6 g5 44. a5 Ra1 45. Kb6 g4 46. a6 g3 47. a7 Rxa7 0-1